Tuyển tập Vũ Bằng

Gorde:
Xehetasun bibliografikoak
Egile nagusia: Vũ Bằng
Formatua: Liburua
Etiketak: Etiketa erantsi
Etiketarik gabe, Izan zaitez lehena erregistro honi etiketa jartzen!
Thư viện lưu trữ: Mạng thư viện Đại học Đà Nẵng
LEADER 00697nam a2200217 4500
001 000024653
003 21141
005 20161216141222.0
008 161216s sd
100 1 |a Vũ Bằng 
245 1 0 |a Tuyển tập Vũ Bằng  |c Vũ Bằng 
774 |a Vũ Bằng  |d Nxb. Hội Nhà văn  |d H.  |d 2015  |g Phần 1  |h 1115 tr.  |t Tuyển tập Vũ Bằng  |w 21143 
774 |a Vũ Bằng  |d Nxb. Hội Nhà văn  |d H.  |d 2015  |g Phần 2  |h 1127 tr.  |t Tuyển tập Vũ Bằng  |w 21145 
OWN |a LSP 
999 |a From the UDN01 
TYP |a Monograph 
TYP |a Printed language 
980 |a Mạng thư viện Đại học Đà Nẵng